| 000 | 00732nam a2200241 a 4500 | ||
|---|---|---|---|
| 001 | BRL_1505 | ||
| 005 | 20190320211234.0 | ||
| 008 | 100214s1976----mx-a######---#000-0#spa-# | ||
| 041 | _aspa | ||
| 044 | _amx | ||
| 050 | 4 |
_aGT625 _b.N84 1976 |
|
| 100 | 1 |
_aNúñez y Domínguez, José de Jesús _d1887-1959 _99176 |
|
| 245 | 1 | 0 |
_aEl Rebozo _cJosé de J. Núñez y Domínguez. |
| 260 |
_aToluca, Estado de México _bGobierno del Estado de México _c1976 |
||
| 300 |
_a67 p. _bil. _c21 cm. |
||
| 440 | 0 |
_aSerie de Arte Popular y Folklore _927121 |
|
| 500 | _aAu1653 | ||
| 650 | 1 | 4 |
_aChales y mantones _zMéxico _927122 |
| 650 | 1 | 4 |
_aPrendas de vestir _xHistoria _zMéxico _91835 |
| 653 | 0 | _aRebozos | |
| 902 | _aGRL | ||
| 942 |
_2lcc _cB |
||
| 999 |
_c10315 _d10315 |
||